| 000 | 00475nam a2200193Ia 4500 | ||
|---|---|---|---|
| 008 | 170918s9999 xx 000 0 und d | ||
| 020 | _a9780545230742 | ||
| 050 | _bH293 2008 | ||
| 100 | _aHarper, Charise Mericle | ||
| 245 | _aJust Grace walks the dog / | ||
| 245 | _cCharise Mericie Harper. | ||
| 260 | _aNew York : | ||
| 260 | _bScholastic, | ||
| 260 | _c2008 | ||
| 300 | _a163 pages : | ||
| 300 | _bcolored illustration ; | ||
| 300 | _c19cm. | ||
| 500 | _a1040 | ||
| 999 |
_c342307 _d342307 |
||